00582nam a22002057a 450000500170000001000300001702000260004702000230007303500130009603500170010903700130012608200080013910000170014724500610016425000110022526000490023627000430028530000280032850000200035620100710123058.0 aENG-96380 B-423879-884 a9780070700772c375.00 a007070077xc375.00 aEN-79913 aB-423879-884 bDBAD/PUB a658 aPaul, Justin aBusiness environment :cby Justin Paulbtext and cases / a3rd ed aNew DelhibTata McGraw Hill Publishingc2010 a7, West Patel NagarbNew Delhie110008 axx,507 p. c23cm. (pbk) aIncludes index.